| 000 | 00788nam a2200253Ia 4500 | ||
|---|---|---|---|
| 003 | OSt | ||
| 005 | 20220918171416.0 | ||
| 006 | a|||||r|||| 00| 0 | ||
| 007 | ta | ||
| 008 | 220917b |||||||| |||| 00| 0 eng d | ||
| 020 |
_a9781781636046 (hbk) _c10312.5 |
||
| 024 | _a283,873 | ||
| 037 |
_b2109, 17/03/2015, Success Book Service _cTextual |
||
| 040 |
_aARTS _cARTS _beng |
||
| 041 |
_2eng _aeng |
||
| 082 | _a2:(X:51), Q4 | ||
| 100 |
_aThomas Sylvia Ed. _936436 |
||
| 245 | 0 | _aMarketing concepts for library information services | |
| 260 |
_aLondon _bKoros Press UK _c2015 |
||
| 300 |
_aviii, 312p. _ccm. |
||
| 650 | _aLIBRARY SCIENCE | ||
| 942 |
_h2:(X:51), Q4 _cTEXL _2CC |
||
| 999 |
_c139472 _d139472 |
||